Studio 100 - Statistics

General Stats
  • This quiz has been taken 127 times
    123 since last reset
  • The average score is 29 of 149
Answer Stats
Personages Acteurs % Correct
Gert Gert Verhulst
94%
Burgemeester | Kabouter Plop Walter de Donder
71%
K3 rood 1 Karen Damen
65%
K3 blond 1 Kathleen Aerts
61%
K3 zwart 1 Kristel Verbeke
61%
Samson Danny Verbiest
58%
K3 blond 2 Josje Huisman
58%
Alberto Koen Crucke
52%
K3 rood 2 Hanne Verbruggen
48%
Evert van Bellum Jelle Cleymans
48%
Piet Piraat Peter van de Velde
48%
Mieke/Mega Mindy Free Souffriau
45%
K3 zwart 2 Marthe de Pillecyn
45%
Big | Samson 2 | Slampie Peter Thyssen
45%
Charlie Timmers Marie Verhulst
42%
Mick Zeelenberg Vincent Banic
42%
Moe Jabaloe | Van Leemhuyzen Walter Baele
42%
Marcel Jacques Vermeire
39%
K3 blond 3 Klaasje Meijer
39%
Agent Toby Louis Talpe
39%
Berend Brokkenpap | Dongo | Samson 3 Dirk Bosschaert
35%
Olivier De La Fayette Niels Destadsbader
35%
Octaaf de Bolle Walter van de Velde
35%
Amber Rosenbergh Iris Hesseling
32%
Nienke Martens Loek Beernink
32%
Fabian Ruitenburg Lucien van Geffen
32%
Joop Mengelmoes Stef Bos
32%
Jeroen Cornelissen Sven de Wijn
32%
Kabouter Klus Aime Anthoni
29%
Boer Janus | Kabouter Lui Chris Cauwenberghs
29%
Kok Basiel James Cooke
29%
Vladimir Louis Thyssen
29%
Appie Tayibi Achmed Akkabi
23%
Kabouter Kwebbel Agnes de Nul
23%
Mevrouw Janine Ann Petersen
23%
Sofie Evi Hanssen
23%
Agent Suikerbuik | Opa Fonkel Fred van Kuyk
23%
Wilko Giovanni Kemper
23%
Abrakodabra Kobe | Flin Kobe van Herwegen
23%
Kabouter Smul Luc Caals
23%
Sherrif Jack Sven de RIdder
23%
Vega Sven de Ridder
23%
Mila Santiago Tinne Oltmans
23%
Patricia Soeters Vreneli van Helbergen
23%
Victor Rodenmaar Walter Crommelin
23%
Noa van Rijn Gamze Tazim
19%
Jonas van Loo Juan Gerlo
19%
Mara Sabri Liliana de Vries
19%
Marie-Claire de la Fayette Veronique Leysen
19%
Bas Winston Post
19%
Frieda Kroket | Wizzy Barbara de Jonge
16%
Chantal Goegebuer Cara van der Auwera
16%
Keelin Celine Verbeeck
16%
Josefien | Trudy Magda Cnudde
16%
Jaap Mengelmoes Marc-Marie Huijbregts
16%
Joyce van Bodegraven Marieke Westenenk
16%
Merel de Ridder Moora Vanderveken
16%
Oma Fonkel Nicky Langley
16%
Marx Wannes Lacroix
16%
Stien Struis Anke Helsen
13%
Commissaris Migrain Anton Cogen
13%
Rox Chris van den Durpel
13%
Prinses Roos Desiree Viola
13%
Steven Stil Dirk van Vooren
13%
Jimmy O'Hara Elindo Avastia
13%
Gringo van den Broecke Gregory van Damme
13%
Afgevaardigde van de Minister Hans Royaards
13%
Xavier Jeremy Vandoorne
13%
Assistente | Bessy Joyce Beullens
13%
Betsy Maike Boerdam
13%
Stef Nicolas Caeyers
13%
Katrijn van Asten Anneleen Liegeois
10%
Woppy Carl Ridders
10%
Xavier Lejeune Damian Corlazzoli
10%
Bumbalu Dirk Verbeeck
10%
Prinses Iris Helle Vanderheyden
10%
Kabouter Smal Hilde Vanhulle
10%
Olivia Jana Geurts
10%
Bumbalu stem Jan van Looveren
10%
Rick Jelle Florizoone
10%
Lauren de Lillo Justine de Jonckheere
10%
Femke Lauren de Ruyck
10%
Ellis Andersen | Kabouter Felle Maxine Janssens
10%
Sollie Peter Bulckaen
10%
Alex de Coninck Wout Verstappen
10%
Bol Ben van Hoof
6%
Curly Teen Daphne Wellens
6%
De kolonel Frans Maas
6%
Kasha Hans van Cauwenberghe
6%
Bumba stem Jan Maillard
6%
Pieter-Paul Pruim Jan van Hecke
6%
Noah de Smidt Jasper Heyman
6%
Emilie Bello Jelisa Schijndel
6%
Jan Zanders Ken Verdoodt
6%
Sam Hendrickx Lennart Lemmens
6%
Circusdirecteur Ludo Hellinx
6%
Herbert de la Fayette Marc Coessens
6%
Brandon Kent | Cool Teen Matthew Michel
6%
Rosie Metta Gramberg
6%
Mevrouw Pruim Myriam Bronzwaar
6%
Mina Nele Goossens
6%
Louise Vincke Nina Rey
6%
Bumba Patrick Maillard
6%
Dobus Patrick Onzia
6%
Smik Peter van Gucht
6%
Wickie de Viking Remi de Smet
6%
Marie-Louise de la Fayette Veerle Eyckermans
6%
Lolly Lolbroek Amber Michiels
3%
Paula Astrid Sercu
3%
Juf FLora Bettina Berger
3%
Kosmoo Boran
3%
Juffrouw Petunia Britt van de Borght
3%
Sweet Teen Charis Clement
3%
Twinkly Danny Houtkooper
3%
Chanel Debbie Crommelinck
3%
Bobo Denise van Boekel
3%
Dance Teen Devy Widjaja
3%
Lakei Kamiel Dirk van Vaerenbergh
3%
Kara Eva Kolsteren
3%
Prinses Violet Fauve Geerling
3%
Os Immanuel Lemmens
3%
Prinses Linde Jolijn Henneman
3%
Fun teen Katrien de Bruyn
3%
Tjerk Kristel van Grunsven
3%
Krabbel Maaike Bakker
3%
Joe Jabaloe Maarten Schuermans
3%
Mellanie Marieke Meelberghs
3%
Bliep Matthias Timmermans
3%
Casper Cox Pieter Bamps
3%
Robbe Williams Remco Coppejans
3%
Smiley Teen Sandra Hilaerts
3%
Didi | Flo Soy Kroon
3%
Prinses Madeliefje Sylvia Boone
3%
Prinses Linde 2 Tanja de Raad
3%
No matching quizzes found
Score Distribution
Percent of People with Each Score
Percentile by Number Answered
Your Score History
You have not taken this quiz since the last reset